000 00189nam a2200085Ia 4500
008 180219s9999 xx 000 0 und d
100 _aNcrte
245 0 _aGeneral Knowledge Digest
260 _aN.C.E.R.T
260 _c2010
999 _c41817
_d41817